Дело по представлению Рижского военного губернатора Буксгевдена, о прибавке штата канцелярии военного губернатора

Доступно только в Электронных читальных залах Найти на картеНа карте
RUSMARC
00003670nmc2a2200000 x 450
0018c55eeea-bba4-4f65-97ed-8e757cec1069
00520170117144027.0
100##$a20140922l18041804k l0rusy0189 ca
1010#$arus
102##$aRU
2001#$aДело по представлению Рижского военного губернатора Буксгевдена, о прибавке штата канцелярии военного губернатора
$j1804 г.
251##$cДело
300##$aДело
801#0$aRU
$bРГИА
$c20140922
$gRCR
801#1$aRU
$bГлавНИВЦ
$c20140922
$2rusmarc
801#2$aRU
$bПБ им. Б.Н. Ельцина
$c20170117
$gRCR
$2rusmarc
850##$aРГИА
852##$aРГИА
$eФедеральное казенное учреждение "Российский государственный исторический архив" (РГИА)
$j169
937##$hРГИА
$d11556273
$aASBIBLIO_SCAN
462#0$100179a3dcbf-b6b4-4399-96ae-bc4b50eeaa70
$12001
$a1802-1810 гг. Дела Департамента полиции исполнительной МВД за 1804 г.
$1251
$cОпись
$1852
$j1
461#0$10013e300ed0-cd39-49af-8489-5ba5b90fa401
$12001
$aДепартамент полиции исполнительной МВД
$1251
$cФонд
$1852
$j1286
215##$a26 л.
$d36,5x26 см
371##$aДокумент не является опубликованным и широко распространяемым
105##$aу###
1222#$ad
035##$a8c55eeea-bba4-4f65-97ed-8e757cec1069
856##$uhttp://readingroom.main.prlib.ru/item.aspx?id_node=n94442198&mode=full
Формат отображения